000 00506nam a22001817a 4500
005 20251108164014.0
008 250721s1992 xx 000 0 ara d
082 1 4 _a001.6424/زيا
100 1 _aالقاضي، زياد عبد الكريم
245 1 0 _aنظم التشغيل /
246 1 1 _aoperating systems
264 1 _aعمان :
_bدار المستقبل،
_c1992.
300 _a216ص.
650 1 7 _aالحواسيب
650 1 7 _aبرامج الحاسوب
942 _2ddc
_cBK
999 _c1229
_d1229